Statistiques concernant Le rap francophone

Cliquez ici pour prendre le quiz!

Statistiques générales

  • Ce quiz a été pris 616 fois
    (557 depuis la dernière actualisation)
  • Le résultat moyen est 23 sur 33

Statistiques - réponses

Titre du morceauArtiste% Correct
TchikitaJul
99%
RéseauxNiska
98%
POPOPOPGambi
97%
La vie qu'on mèneNinho
95%
DaPNL
95%
Moulaga (ft Jul)Heuss l'Enfoiré
94%
Train de vieKobaLaD / Leto
92%
GoulagKaaris
91%
N. J Respecte RDamso
90%
Blanche (ft Booba)Maes
90%
MonégasquePLK
90%
DKRBooba
86%
DommageBigflo et Oli
84%
Freestyle du saleLorenzo
84%
TokaSofiane
79%
Top albumMister V
78%
GuérillaSoolking / QE Favelas
78%
Je danse le MIAIAM
75%
Trop beauLomepal
73%
Mauvaise graineNekfeu
71%
Suicide socialOrelsan
69%
AnarchieSCH
68%
BonjourVald
65%
Grand Paris (ft Lartiste, Lino, Sofiane, Alivor, Seth Guecko, Ninho, Youssoupha)Médine
63%
Laisse pas trainer ton filsSuprème NTM
60%
Big pharmaFreeze Corleone
52%
SoleilRoméo Elvis
39%
Sur mon nomCaballero et JeanJass
27%
Là-HautHugo TSR
25%
RacaillesKery James
25%
Comme à l'ancienne (ft Mac Tyer)Rémy
21%
Menace de mortYoussoupha
21%
PharaonAlkpote
19%

Distribution des résultats

Percentile par nombre de réponses

% des personnes avec chaque résultat

Votre développement - résultats

Vous n’avez pas pris ce quiz depuis la dernière actualisation